Les 10 sports les plus populaires au monde - Statistiques

Statistiques générales
  • Ce quiz a été pris 1 877 fois
  • Le résultat moyen est 6 sur 10
Statistiques - réponses
Rang Sport % Correct
1 Football
99%
3 Basket
93%
5 Tennis
85%
9 Rugby
77%
6 Volley
66%
8 Baseball
56%
10 Golf
53%
2 Cricket
51%
7 Tennis de table
33%
4 Hockey sur gazon
11%
Aucun quiz correspondant
Distribution des résultats
% des personnes avec chaque résultat
Percentile par nombre de réponses
Votre historique - résultats
Vous n’avez pas pris ce quiz